| 000 | 00583nam a22001577a 4500 | ||
|---|---|---|---|
| 008 | 161108b xxu||||| |||| 00| 0 eng d | ||
| 050 | _aSPC DT962.42.A775 | ||
| 100 |
_aAschwanden, Herbert _927349 |
||
| 245 |
_aSymbole des todes _bBewusstseinsanalyse eines Afrika-nischen Volkes _cHerbert Aschwanden |
||
| 260 |
_aGwelo _bMambo Press |
||
| 300 |
_a536p. ; _c30cm. |
||
| 500 | _aTypscript Published on "symbols of death" Gwelo: Mambo Press, 1987. | ||
| 650 |
_aKaranga (african People) _xFuneral customs and rites _927350 |
||
| 650 |
_aPhilosophy, Karanga _927351 |
||
| 942 |
_2lcc _cSPC |
||
| 999 |
_c125695 _d125695 |
||